[Event "NOR-ch Class3"]
[Site "Oslo"]
[Date "2015.07.10"]
[Round "8"]
[White "Ziegler, Lars"]
[Black "Helling, Torstein"]
[Result "1-0"]
[WhiteElo "1322"]
[BlackElo "1442"]
[PlyCount "107"]
[EventDate "2015.07.04"]
[EventType "swiss"]
[EventRounds "9"]
[EventCountry "NOR"]
[SourceTitle "EXT 2017"]
[Source "ChessBase"]
[SourceDate "2016.10.25"]
[SourceVersion "1"]
[SourceVersionDate "2016.10.25"]
[SourceQuality "1"]

1. e4 d5 2. exd5 Qxd5 3. c4 Qe4+ 4. Qe2 Qxe2+ 5. Bxe2 Nc6 6. Nf3 e5 7. 0-0 Bf5 8. b3 e4 9. Nh4 Nd4 10. Nxf5 Nxe2+ 11. Kh1 Nxc1 12. Rxc1 g6 13. Ne3 0-0-0 14. Rd1 Bg7 15. Nc3 Bxc3 16. dxc3 Rxd1+ 17. Rxd1 c6 18. Ng4 f5 19. Ne5 Nf6 20. h3 Rd8 21. Rd4 Kc7 22. Kh2 Ne8 23. Kg3 Ng7 24. Kf4 Ne6+ 25. Ke3 Nxd4 26. cxd4 b5 27. c5 b4 28. Nf7 Ra8 29. Nd6 a5 30. Nc4 Ra6 31. Nb6 Rxb6 32. cxb6+ Kxb6 33. Kf4 Kc7 34. Ke5 Kd7 35. g4 fxg4 36. hxg4 Ke7 37. g5 Kd7 38. Kf6 Kd6 39. Kg7 Kd5 40. Kxh7 Kxd4 41. Kxg6 a4 42. Kf5 axb3 43. axb3 Kc3 44. g6 Kxb3 45. g7 c5 46. Kxe4 c4 47. g8Q Kc3 48. Qg3+ Kb2 49. Qe5+ Kc2 50. Kd4 c3 51. Qe2+ Kb3 52. Qc4+ Ka3 53. Kd3 b3 54. Kxc3 1-0

[Event "NOR-ch Class3"]
[Site "Oslo"]
[Date "2015.07.09"]
[Round "7"]
[White "Helling, Torstein"]
[Black "Strand, Ingrid"]
[Result "1-0"]
[WhiteElo "1442"]
[BlackElo "1265"]
[PlyCount "63"]
[EventDate "2015.07.04"]
[EventType "swiss"]
[EventRounds "9"]
[EventCountry "NOR"]
[SourceTitle "EXT 2017"]
[Source "ChessBase"]
[SourceDate "2016.10.25"]
[SourceVersion "1"]
[SourceVersionDate "2016.10.25"]
[SourceQuality "1"]

1. e4 e5 2. Nf3 Nc6 3. d4 exd4 4. Bc4 Bb4+ 5. c3 dxc3 6. bxc3 Bd6 7. Bg5 Nf6 8. 0-0 h6 9. Bh4 Ne5 10. Nxe5 Bxe5 11. f4 Bxf4 12. Rxf4 g5 13. Rxf6 Qxf6 14. Bf2 Qg6 15. Nd2 b6 16. Bg3 c6 17. Nf3 f6 18. Qd6 Qg7 19. Re1 Qe7 20. e5 Qxd6 21. exd6+ Kf8 22. Nd4 b5 23. Bd3 Bb7 24. Nf5 Re8 25. Ne7 Kg7 26. Bg6 Rd8 27. Bh5 a5 28. Nf5+ Kf8 29. Re7 Kg8 30. Rg7+ Kf8 31. Rf7+ Kg8 32. Ne7# 1-0

[Event "NOR-ch Class3"]
[Site "Oslo"]
[Date "2015.07.08"]
[Round "6"]
[White "Flo, Steinar"]
[Black "Helling, Torstein"]
[Result "1-0"]
[WhiteElo "1344"]
[BlackElo "1442"]
[PlyCount "96"]
[EventDate "2015.07.04"]
[EventType "swiss"]
[EventRounds "9"]
[EventCountry "NOR"]
[SourceTitle "EXT 2017"]
[Source "ChessBase"]
[SourceDate "2016.10.25"]
[SourceVersion "1"]
[SourceVersionDate "2016.10.25"]
[SourceQuality "1"]

1. Nf3 d6 2. e4 Bg4 3. d4 e6 4. Be2 Nf6 5. Nc3 Be7 6. Be3 0-0 7. h3 Bh5 8. a3 Nbd7 9. 0-0 c5 10. dxc5 Nxc5 11. e5 dxe5 12. g4 Bxg4 13. hxg4 Nxg4 14. Qxd8 Raxd8 15. Bg5 f6 16. Bh4 g5 17. Bg3 h5 18. b4 Nd7 19. Nd2 f5 20. Bc4 Kf7 21. Rae1 h4 22. f3 hxg3 23. fxg4 f4 24. Nde4 Nb6 25. Bb3 Rh8 26. Nxg3 Rh4 27. Nf5 Rxg4+ 28. Kf2 Bf8 29. Rxe5 Kf6 30. Rfe1 exf5 31. Re6+ Kg7 32. R1e5 Rd2+ 33. Ne2 Rd6 34. Rxf5 Rxe6 35. Bxe6 Rh4 36. Rf7+ Kg8 37. Rxf4+ Kg7 38. Rf7+ Kg8 39. Rxb7+ Kh8 40. Rxa7 Rh6 41. Bb3 Bg7 42. a4 Rh2+ 43. Ke3 g4 44. a5 g3 45. Nxg3 Nc4+ 46. Bxc4 Bd4+ 47. Kxd4 Rd2+ 48. Ke3 Re2+ 1-0